Творчески методи в инженерната дейност (Запис номер 356102)
[ съкратено ]
| 000 -Лидер | |
|---|---|
| Контролно поле с фиксирана дължина | nam a22 7a 4500 |
| 003 - Код на организацията, давaща контролен номер | |
| Контролно поле | BLK |
| 005 - Дата и час на последна редакция | |
| Контролно поле | 20200421134205.0 |
| 008 - Елементи от данни с фиксирана дължина | |
| fixed length control field | 200421b bu ||||| |||| 00| 0 bu d |
| 040 ## - Източник на каталожния запис | |
| Идентификатор на билиотеката - собственик на записа | BLK |
| 041 ## - Код за език | |
| Код за езика на текст/звукозапис или на отделно заглавие | Български |
| Код за езика КДБФ | Български |
| 080 ## - УДК | |
| Текстов определител УДК | Техника. Технически науки |
| УДК код - определител по УДК | 62 |
| 139 ## - Редно поле | |
| Редна дума | Творчески методи в инженерната дейност |
| Авторски знак | Тво - Т 44 |
| 245 ## - Сведения за заглавието | |
| Заглавие | Творчески методи в инженерната дейност |
| Подзаглавни данни | Алгоритъм решаване на изобретателски задачи |
| Редно поле (дума) | Цонев, Младен Гутев ред. |
| Том | Ч. 2 |
| Заглавие на том | Стандартни решения на изобретателски задачи |
| 257 ## - Страна на издаване | |
| Страна на създаване/издаване | България |
| 260 ## - Област на издателските данни | |
| 9 (RLIN) | 216465 |
| Име на издателя, разпространителя и проч. | Центр. съвет на научно-техн. съюзи |
| Година на издаване | 1986 |
| 300 ## - Физическа характеристика | |
| Страници | 108 с. |
| Илюстрации и др. | със сх. |
| Размери/Мащаб | 21 см |
| 380 ## - Жанр | |
| Жанр | Техника |
| 650 #7 - Допълнително описание по предмет – тема | |
| 9 (RLIN) | 156634 |
| Основно описание – тема или топоним | Изобретения |
| 653 #7 - Ключова дума – ненормативна | |
| 9 (RLIN) | 187398 |
| Ключова дума | изобретения |
| 700 ## - Други автори (авторска отговорност) | |
| 9 (RLIN) | 695 |
| Лично име | Цонев, Младен Гутев |
| Автороска отговорност (Описва отношението между автора и произведението) | науч. ред. |
| 700 ## - Други автори (авторска отговорност) | |
| 9 (RLIN) | 1121 |
| Лично име | Хинков, Емил М. |
| Автороска отговорност (Описва отношението между автора и произведението) | прев. от рус. |
| 852 ## - Местоположение | |
| Форматна сигнатура | Цб 145095 |
| Фондова буква | Хранилище |
| 999 ## - СИСТЕМНИ КОНТРОЛНИ НОМЕРА | |
| Koha biblionumber | 356102 |
| Koha biblioitemnumber | 356102 |
| 942 ## - АРТИКУЛИ | |
| Вид на библиотечния материал | Книги |
| Скрит в OPAC | Не |
| Периодичен библиозапис | Да |
| 944 ## - СЪЗДАВАНЕ И РЕДАКЦИЯ на ЗАПИСА | |
| Създаване/Редакция | Създаване |
| Дата на регистрацията/редакция | 2020-04-21 |
| Служител, извършил регистрацията/редакцията | К. Г. |
| 999 ## - СИСТЕМНИ КОНТРОЛНИ НОМЕРА | |
| Koha biblioitemnumber | 356102 |
| Код за отписване | Код за изгубен артикул | Източник на класификационната схема | Код за повреда | Код за отдаване | Артикулен № | Име на библиотеката - собственик | Име на библиотеката, в която се намира в момента | Статус (Текущо местоположение) | Дата на вписване в системата | Местоположение - отдел | Цена в лева | Инвентарен номер | Систематично азбучна сигнатура | Баркод | Цена в евро | Служебен тип на артикула |
|---|---|---|---|---|---|---|---|---|---|---|---|---|---|---|---|---|
| Не е изгубен | Universal Decimal Classification | Не е повреден | ползва се в читалня | 763148 | Регионална библиотека "Любен Каравелов" Русе | Регионална библиотека "Любен Каравелов" Русе | Хранилище | 2020-04-21 | Хранилище | 0.00 | 458944 | Цб 145095 | 120000458944 | 0.00 | Книги |